| 000 | 00670nam a2200253Ia 4500 | ||
|---|---|---|---|
| 008 | 171025s9999 xx 000 0 und d | ||
| 020 | _a130306568 | ||
| 050 | _a380.1 | ||
| 050 | _bS912 2001 | ||
| 100 | _aStrauss, Judy | ||
| 245 | _aPrentice hall's e-marketing guide / | ||
| 245 | _cby Judy Strauss and Raymond D. Frost. | ||
| 260 | _aNew Jersey : | ||
| 260 | _bPrentice Hall, Inc., | ||
| 260 | _c2001 | ||
| 300 | _a97 pages : | ||
| 300 | _billustrations ; | ||
| 300 | _c25cm. | ||
| 500 | _aIncludes glossary. | ||
| 650 | _aCommerce (Trade). | ||
| 650 | _aManagement of distribution (Marketing). | ||
| 700 | _aFrost, Raymond D. | ||
| 700 | _aTitle. | ||
| 999 |
_c344431 _d344431 |
||